00369nam a22001217a 4500008004100000020001500041050002800056245007700084250001200161260003300173300001600206650002500222211105b |||||||| |||| 00| 0 eng d a0702062858 aRC112 .I54 2017 V.1 C.1 aInfectious DiseasescJonathan Cohen, Willian G. Powdery & Steven M. Opal a4th ed. aPhiladelphiabElsevierc2017 axiii, 812p. aInfecttious diseases